[Event "CHN-ch Open 2019"]
[Site "Xinghua"]
[Date "2019.05.16"]
[Round "6.3"]
[White "Xu, Yi"]
[Black "Xu, Yinglun"]
[Result "1/2-1/2"]
[WhiteElo "2546"]
[BlackElo "2528"]
[Annotator "TA"]
[PlyCount "60"]
[EventDate "2019.05.11"]
[EventType "tourn"]
[EventCountry "CHN"]
[SourceTitle "playchess.com"]
[Source "ChessBase"]
[SourceQuality "1"]

{[%evp 20,60,36,24,35,22,34,20,30,0,8,4,13,0,0,0,0,0,56,56,53,50,42,47,114,115,124,70,65,61,123,111,106,109,190,0,0,0,0,0,0,0,0]} 1. e4 c5 2. Nf3 d6 3. d4 cxd4 4. Nxd4 Nf6 5. Nc3 a6 6. f3 e6 7. g4 h6 8. Be3 b5 9. a3 Nbd7 10. Qd2 Bb7 11. O-O-O Rc8 {B80: Sicilian Scheveningen: 6 g3 and 6 Be3, including English Attack} 12. h4 d5 {Strongly threatening ...b4.} 13. Rg1 {next g5 is good for White.} dxe4 14. g5 hxg5 15. hxg5 Nd5 16. Nxd5 Bxd5 {[#]} 17. fxe4 $146 ({Predecessor:} 17. g6 f5 18. fxe4 fxe4 19. Kb1 {½-½ (38) Morozevich,A (2760)-Nakamura,H (2775) Thessaloniki 2013}) 17... Bxe4 {aiming for ...Nc5.} 18. Bg2 Rh2 (18... Nc5 $11 19. b4 Qxd4 $1 {[%mdl 576] Remove Defender, Decoy} 20. Qxd4 Nb3+ {[%mdl 64] Double Attack} 21. Kb2 Nxd4 22. Bxe4 Nc6) 19. Bf4 $14 Rxg2 20. Rxg2 Bxg2 21. Qxg2 Qb6 ({Black should try} 21... g6 $14) 22. g6 $16 {[%mdl 1024] Black must now prevent gxf7+. White has strong compensation.} f6 23. Qe4 ({White should play} 23. b4 $16) 23... Nc5 $14 24. Qe3 $1 a5 (24... Nd7 $14) 25. b4 $36 {[%mdl 2048] White is really pushing.} axb4 26. axb4 Na4 (26... Nd7 $16 {keeps fighting.}) 27. Nxe6 $2 ({Stronger than} 27. Qxe6+ Qxe6 28. Nxe6 Nc3 $11) (27. Qh3 $18 {Re1 is the strong threat.} Rd8 {[#]} 28. Re1 $1 {[%mdl 512]} (28. Qxe6+ Qxe6 29. Nxe6 Rxd1+ 30. Kxd1 Nc3+ 31. Ke1 Ke7 $11)) 27... Qxe3+ $11 {The position is equal.} 28. Bxe3 Nc3 29. Rh1 Kd7 30. Nxf8+ Rxf8 {Accuracy: White = 69%, Black = 39%.} 1/2-1/2

[Event "CHN-ch Open 2019"]
[Site "Xinghua"]
[Date "2019.05.16"]
[Round "6.4"]
[White "Li, Shilong"]
[Black "Bai, Jinshi"]
[Result "0-1"]
[WhiteElo "2507"]
[BlackElo "2605"]
[Annotator "TA"]
[PlyCount "102"]
[EventDate "2019.05.11"]
[EventType "tourn"]
[EventCountry "CHN"]
[SourceTitle "playchess.com"]
[Source "ChessBase"]
[SourceQuality "1"]

{[%evp 17,102,35,36,28,35,23,39,16,38,16,8,14,14,14,10,8,8,0,0,0,0,-4,-8,0,0,0,0,0,0,0,0,-17,0,0,0,0,0,-22,0,-85,-79,-163,-163,-166,-154,-185,-189,-203,-196,-243,-200,-219,-216,-221,-200,-198,-194,-246,-246,-244,-265,-296,-298,-273,-264,-339,-339,-373,-352,-385,-385,-384,-379,-375,-373,-477,-476,-469,-468,-455,-328,-668,-490,-490,-481,-481,-472]} 1. Nf3 d5 2. c4 c6 3. e3 g6 4. Nc3 Bg7 5. d4 Nf6 6. Be2 O-O 7. O-O dxc4 8. Bxc4 Bg4 9. Be2 Nbd7 {[%cal Bb8d7,Bd7c5,Bc5e6,Be6d4][%mdl 32]} 10. e4 {D94: Grünfeld: 4 Nf3 Bg7 5 e3} Bxf3 11. Bxf3 e5 12. d5 {White is slightly better.} (12. dxe5 Nxe5 13. Be2 Qe7 14. Qc2 Rfd8 15. h3 c5 16. Bg5 Nc6 17. Rae1 h6 {½-½ (28) Cheparinov,I (2703)-Mamedov,R (2680) Kocaeli 2017}) 12... cxd5 13. Nxd5 Nc5 14. Bg5 Ne6 15. Bxf6 Bxf6 16. Qb3 $146 ({Predecessor:} 16. g3 Be7 17. b4 a5 {½-½ (67) Dale,A (2120)-Izzat,K (2181) Ballarat 2014}) 16... b6 17. Bg4 Nd4 18. Qd3 Bg7 19. Rac1 f5 20. Bf3 Kh8 21. Rc7 Ne6 22. Rc6 Nd4 $36 {[%mdl 2048] Black is more active.} 23. Rc7 Ne6 24. Rc4 Rc8 25. Rfc1 Rxc4 26. Rxc4 Qd7 27. g3 Ng5 28. Bg2 (28. Kg2 $11 {remains equal.}) 28... fxe4 $17 29. Rxe4 (29. Qd1 $17) 29... Nxe4 $19 30. Bxe4 Qa4 31. Nc3 Qd4 32. Qe2 Bh6 {[#] Hoping for ...Rxf2!} 33. Nd5 Qd2 34. Qxd2 Bxd2 {[%mdl 4096] Endgame KRB-KBN} 35. Kf1 Bc1 36. b3 Bb2 37. Ke2 (37. Nb4 {might work better.}) 37... Bd4 38. f3 Rc8 39. Kd2 Bg1 40. h3 Bh2 41. g4 Bf4+ 42. Kd3 Rc1 43. a4 Rh1 44. Kc4 Rxh3 45. Kb5 h5 {White must now prevent ...h4.} 46. gxh5 gxh5 47. Ka6 h4 48. Kxa7 Rh1 49. Kxb6 $2 (49. Nf6) 49... h3 {Black is clearly winning.} 50. Nf6 h2 51. Ng4 {[#]} Rb1 $1 {[%mdl 512] Accuracy: White = 49%, Black = 84%.} 0-1

[Event "CHN-ch Open 2019"]
[Site "Xinghua"]
[Date "2019.05.16"]
[Round "6.5"]
[White "Lu, Shanglei"]
[Black "Liu, Yan"]
[Result "1-0"]
[WhiteElo "2606"]
[BlackElo "2502"]
[Annotator "TA"]
[PlyCount "119"]
[EventDate "2019.05.11"]
[EventType "tourn"]
[EventCountry "CHN"]
[SourceTitle "playchess.com"]
[Source "ChessBase"]
[SourceQuality "1"]

{[%evp 17,119,0,0,0,0,0,0,0,26,13,4,-16,0,8,13,18,18,12,20,18,13,11,27,25,27,19,37,37,37,37,37,37,39,37,37,37,39,39,44,44,44,44,44,44,44,37,37,37,41,44,46,40,45,38,37,33,33,33,34,33,33,33,43,43,52,50,54,52,134,134,130,127,122,115,165,168,168,125,125,0,168,168,159,172,166,164,168,172,210,192,225,196,262,261,259,253,255,260,463,660,661,661,661,644]} 1. e4 e5 2. Nf3 Nc6 3. Bc4 Bc5 4. c3 Nf6 5. d4 exd4 6. e5 d5 7. Bb5 Ne4 8. cxd4 Bb6 9. Nc3 O-O 10. Be3 {C54: Giuoco Piano: 4 c3 Nf6, main lines with 5 d4 and 5 d3} Bg4 11. h3 Bh5 12. Qc2 {The position is equal.} Bg6 {[#] Hoping for ...Nxc3.} 13. Qb3 Ne7 14. O-O c6 15. Bd3 Nd2 16. Nxd2 {Black must now prevent Ne2.} Bxd3 17. Rfe1 Bg6 {[#]} (17... Ng6 {is interesting.} 18. Na4 Bf5 19. Re2 Be6 20. f4 h5) 18. Na4 $146 Nf5 19. Nxb6 Qxb6 20. Qc3 f6 {next ...fxe5 is good for Black.} 21. Nf3 Rae8 22. Bf4 fxe5 23. Bxe5 Qd8 24. Qa3 Nh4 25. Nxh4 Qxh4 26. f3 a6 27. Re3 Qe7 28. Qc3 Qd7 29. a4 {[%cal Ba2a4,Ba4a5][%mdl 32]} h6 30. a5 Qd8 31. Rae1 Rf7 32. R1e2 Qc8 33. Bd6 Rxe3 34. Rxe3 Rf6 35. Qb4 Re6 36. Be5 Qd7 37. Kf2 Re7 38. Rb3 Bc2 {Strongly threatening ...c5.} 39. Rc3 Bg6 40. Qd6 Qxd6 41. Bxd6 $14 {[%mdl 4096] Endgame KRB-KRB} Re6 42. Bc5 Bb1 ({Black should try} 42... Rf6 $1 $14) 43. Rb3 $16 g5 44. g4 Bc2 45. Rxb7 Bd1 46. Ra7 Be2 47. Ra8+ Kf7 48. Ra7+ Kg8 $1 {[#]} 49. Bd6 $1 Bb5 50. Be5 c5 51. Ke3 cxd4+ 52. Kxd4 Bc4 53. Rb7 Rg6 54. b4 Kf8 (54... Be2 $142 55. Rb6 Kf7) 55. Rb6 $18 Kf7 56. Kc5 Be2 57. Bd4 ({Not} 57. Kxd5 Bxf3+ 58. Kc5 Be2 $16) 57... Re6 $2 (57... Rg8 {is a better defense.} 58. Rf6+ Ke7 59. Rxh6 Bc4) 58. b5 {White is clearly winning.} Bxb5 59. Rxb5 axb5 60. Kxb5 {Accuracy: White = 96%, Black = 56%.} 1-0

[Event "CHN-ch Open 2019"]
[Site "Xinghua"]
[Date "2019.05.16"]
[Round "6.6"]
[White "Wen, Yang"]
[Black "Zhao, Yuanhe"]
[Result "1/2-1/2"]
[WhiteElo "2602"]
[BlackElo "2437"]
[Annotator "TA"]
[PlyCount "111"]
[EventDate "2019.05.11"]
[EventType "tourn"]
[EventCountry "CHN"]
[SourceTitle "playchess.com"]
[Source "ChessBase"]
[SourceQuality "1"]

{[%evp 15,111,25,31,35,34,26,31,25,41,32,32,32,32,32,32,32,35,30,34,29,31,13,35,44,52,17,12,19,13,0,0,0,0,0,0,0,0,0,0,-8,0,0,0,0,0,-10,-10,-12,-13,-16,-19,-77,-50,-104,-104,-110,-109,-102,-114,-122,-34,-50,-119,-206,-28,-12,-11,-48,0,0,-6,-120,-106,-80,0,0,0,0,0,0,0,0,0,0,0,0,0,0,0,0,0,0,0,0,0,0,0,0]} 1. e4 e5 2. Nf3 Nf6 3. Nxe5 d6 4. Nf3 Nxe4 5. Nc3 Nxc3 6. dxc3 Nc6 7. Be3 Be7 8. Qd2 Be6 9. O-O-O {C42: Petroff Defence: 3 Nxe5 and unusual White 3rd moves} Qd7 ({Don't blunder} 9... Bxa2 $2 10. b3 $18) 10. a3 h6 11. Be2 {White is slightly better.} O-O-O $146 ({Predecessor:} 11... a6 12. Nd4 Nxd4 13. Bxd4 Rg8 14. c4 c5 15. Be3 Qa4 16. Bf3 Qxc4 17. Bxb7 {½-½ (72) Bok,B (2636)-Akobian,V (2647) Saint Louis 2018}) 12. Nd4 Nxd4 13. Bxd4 Qa4 14. c4 ({But not} 14. Bxg7 $2 Bg5 $19) 14... Rhg8 15. Qc3 g6 16. Rhe1 h5 17. Kb1 Kb8 18. Bf3 Rge8 19. Re4 Bf5 20. Rxe7 {[%mdl 64] Remove Defender} Rxe7 21. Bf6 Qe8 22. Qd2 Rdd7 {[%cal Bd8d7,Bd7e7,Be7e1][%mdl 32] Hoping for ...Re6.} 23. Bxe7 Rxe7 24. c5 dxc5 {[#]} 25. Qd5 $1 {[%csl Gf3][%cal Rd5b7][%mdl 512]} Bc8 26. Qxc5 Re1 27. Kc1 Bg4 28. Bxg4 hxg4 $11 {[%mdl 4096] Endgame KQR-KQR} 29. Qd4 f5 30. Qd2 Rxd1+ 31. Kxd1 {KQ-KQ} b6 32. Qd5 Qh8 33. c3 (33. Qb3 $1 $11) 33... a5 34. g3 ({White should try} 34. Qf7 $15) 34... Qxh2 $17 35. Qd8+ Kb7 36. Qd5+ {[#]} Ka7 $1 37. Ke2 {[#]} Qh7 (37... Qh8 $1 $17 38. Kd2 Qe8) 38. b4 $1 $15 Qe7+ 39. Kd3 (39. Kd2 $17) 39... axb4 $2 (39... Qe1 $19 {Threatens to win with ...axb4.} 40. Qc6 Kb8 41. Qxg6 Qxf2 42. Qe8+ Kb7) 40. axb4 $11 Qf6 41. b5 Kb8 42. Qg8+ Kb7 43. c4 (43. Qd5+ $11 {remains equal.} Kc8 44. Kc4) 43... Qd6+ $17 44. Ke2 Qe5+ (44... f4 $17 45. gxf4 Qxf4) 45. Kf1 $11 {The position is equal.} f4 46. gxf4 $1 Qxf4 {And now ...g3 would win.} 47. Qd5+ Ka7 {aiming for ...g3.} 48. Kg2 $1 g5 49. Qd3 Kb7 50. Qd5+ Kc8 51. Qd3 Qe5 52. Qh7 Qd4 53. Qf5+ Kb8 54. Qd5 Qf4 55. Qd8+ Kb7 {...Qf3+ is the strong threat.} 56. Qd3 {Accuracy: White = 59%, Black = 62%.} 1/2-1/2

[Event "CHN-ch Open 2019"]
[Site "Xinghua"]
[Date "2019.05.18"]
[Round "7.1"]
[White "Zhao, Yuanhe"]
[Black "Zhao, Jun"]
[Result "1-0"]
[WhiteElo "2437"]
[BlackElo "2621"]
[Annotator "TA"]
[PlyCount "41"]
[EventDate "2019.05.11"]
[EventType "tourn"]
[EventCountry "CHN"]
[SourceTitle "playchess.com"]
[Source "ChessBase"]
[SourceQuality "1"]

{[%evp 15,41,33,43,5,31,38,39,29,38,6,24,27,30,33,21,1,20,8,85,0,0,-54,232,225,330,329,325,326]} 1. Nf3 c5 2. c4 Nc6 3. d4 cxd4 4. Nxd4 Nf6 5. g3 d6 6. Bg2 Bd7 7. O-O g6 8. Nc3 Bg7 9. Nxc6 {A31: Symmetrical English: 2 Nf3 Nf6 3 d4} Bxc6 10. e4 Nd7 11. Bd2 {White is slightly better.} O-O 12. b4 $146 {Black must now prevent b5.} ({Predecessor:} 12. Qe2 a5 13. b3 Nc5 14. Rab1 Qd7 15. Rfe1 Bd4 16. Nd5 Bxd5 17. exd5 {1-0 (43) Lalith,B (2570)-Ter Sahakyan,S (2568) Chennai 2013}) 12... Ne5 13. Qe2 {Strongly threatening f4.} Bd7 14. Rac1 Rc8 15. Nd5 e6 16. Ne3 $1 Qb6 {[#]} (16... Ba4 $11) 17. Kh1 (17. b5 $1 $16) 17... Qa6 $1 $11 18. Bc3 ({Much worse is} 18. f4 {[#]} Nxc4 $1 {[%mdl 512]} 19. Rxc4 Bd4 $17) ({White should try} 18. b5 $11 Qxa2 19. Ra1 (19. f4 $2 Nxc4 20. Rc2 Nb2 $19)) 18... Nxc4 $2 {[%mdl 8192]} (18... b5 $1 $15 {keeps the upper hand.}) 19. Bxg7 $18 Nxe3 (19... Kxg7 $142 20. Rxc4 (20. Nxc4 Bb5 $16) 20... Rxc4 21. Nxc4 Bb5) 20. Qxa6 bxa6 21. Bxf8 {Accuracy: White = 37%, Black = 37%.} 1-0

[Event "CHN-ch Open 2019"]
[Site "Xinghua"]
[Date "2019.05.18"]
[Round "7.2"]
[White "Liu, Yan"]
[Black "Wen, Yang"]
[Result "1-0"]
[WhiteElo "2502"]
[BlackElo "2602"]
[Annotator "TA"]
[PlyCount "67"]
[EventDate "2019.05.11"]
[EventType "tourn"]
[EventCountry "CHN"]
[SourceTitle "playchess.com"]
[Source "ChessBase"]
[SourceQuality "1"]

{[%evp 15,67,19,22,2,15,-10,8,19,11,14,25,15,13,21,18,18,25,22,41,34,37,14,26,25,34,33,27,31,67,29,54,49,60,32,36,34,34,33,25,25,119,104,225,214,386,386,347,438,446,440,426,422,867,852]} 1. d4 g6 2. Nf3 Bg7 3. g3 c5 4. Bg2 cxd4 5. Nxd4 Nc6 6. c3 Nf6 7. e4 O-O 8. O-O d6 9. h3 {A04: Unusual lines after 1 Nf3 and King's Indian Attack} Bd7 10. Be3 Qc8 11. Kh2 {The position is equal.} Rd8 12. Na3 $146 ({Predecessor:} 12. b3 Be8 13. c4 b5 14. Na3 bxc4 15. Rc1 d5 16. exd5 Nxd5 17. Nxc4 {0-1 (65) Pohjala,H (2361)-Kulaots,K (2557) Jyvaskyla 2014}) 12... Rb8 13. c4 a6 14. Rc1 Nxd4 15. Bxd4 Bc6 16. Re1 Qd7 17. Bb6 Rdc8 18. Nb1 h5 19. Nc3 h4 20. g4 Bh6 21. Rc2 Ne8 22. Ne2 e5 23. Nc3 Qe6 24. Nd5 Bxd5 25. exd5 Qe7 26. b4 Nf6 27. c5 e4 {[#]} (27... Bf4+ $11 28. Kg1 Qf8) 28. Kg1 $1 $16 Nd7 (28... Bf4 $16) 29. Rxe4 $18 Qf6 $2 (29... Qf8 {might work better.} 30. Rec4 Nxb6 31. cxb6 Rxc4 32. Rxc4 Bg5) 30. Ba7 {Threatens to win with c6.} Ra8 31. c6 bxc6 {White is clearly winning.} 32. Bd4 Ne5 33. dxc6 Bf4 (33... Qd8 $142 34. Re1 Qc7) 34. c7 {Accuracy: White = 82%, Black = 21%.} 1-0

[Event "CHN-ch Open 2019"]
[Site "Xinghua"]
[Date "2019.05.18"]
[Round "7.3"]
[White "Bai, Jinshi"]
[Black "Lu, Shanglei"]
[Result "1/2-1/2"]
[WhiteElo "2605"]
[BlackElo "2606"]
[Annotator "TA"]
[PlyCount "60"]
[EventDate "2019.05.11"]
[EventType "tourn"]
[EventCountry "CHN"]
[SourceTitle "playchess.com"]
[Source "ChessBase"]
[SourceQuality "1"]

{[%evp 15,60,7,7,16,19,8,17,11,13,15,18,0,11,8,13,0,8,0,0,0,0,0,0,0,0,0,1,1,1,1,1,0,1,1,1,1,1,0,0,0,0,0,0,0,0,0,0]} 1. d4 d5 2. c4 c6 3. Nf3 Nf6 4. cxd5 cxd5 5. Nc3 Nc6 6. Bf4 Bf5 7. e3 e6 8. Qb3 Bb4 {The position is equal.} 9. Ne5 {Strongly threatening Nxc6. D14: Slav Defence: Exchange variation with ...Bf5} Bxc3+ (9... Qb6 10. Nxc6 bxc6 11. Be2 Ne4 12. f3 Nxc3 13. bxc3 Be7 14. c4 g5 15. Be5 f6 16. Bg3 h5 {½-½ (32) Sevian,S (2642)-Mamedov,R (2701) Astana 2019}) 10. bxc3 Nxe5 11. Bxe5 O-O 12. Rc1 Rc8 13. Be2 Ne4 14. f3 Nd6 {[#]} 15. O-O $146 ({Predecessor:} 15. Bxd6 Qxd6 16. O-O Rc7 {½-½ (62) Morovic Fernandez,I (2528)-Lopez Gonzalez,A (2385) Santa Maria del Mar 2017}) 15... Nc4 16. Bxc4 Rxc4 17. Qxb7 Qc8 18. Qxc8 Rfxc8 19. g4 Bd3 20. Rf2 Rxc3 21. Rxc3 Rxc3 $11 {[%mdl 4096] Endgame KRB-KRB} 22. Rb2 Rc1+ 23. Kf2 {[#] Threatening mate with Rb8+.} Rc2+ 24. Rxc2 Bxc2 {KB-KB} 25. Bb8 Bb1 26. a4 a5 27. Bc7 Bc2 28. Bxa5 Bxa4 29. g5 f6 30. gxf6 gxf6 {Accuracy: White = 78%, Black = 89%.} 1/2-1/2

[Event "CHN-ch Open 2019"]
[Site "Xinghua"]
[Date "2019.05.18"]
[Round "7.4"]
[White "Xu, Yinglun"]
[Black "Li, Shilong"]
[Result "1/2-1/2"]
[WhiteElo "2528"]
[BlackElo "2507"]
[Annotator "TA"]
[PlyCount "60"]
[EventDate "2019.05.11"]
[EventType "tourn"]
[EventCountry "CHN"]
[SourceTitle "playchess.com"]
[Source "ChessBase"]
[SourceQuality "1"]

{[%evp 19,60,0,0,0,0,0,0,0,2,9,0,0,0,0,0,0,1,0,-4,-24,-8,-14,-12,-74,-62,-97,-102,-114,-97,-97,-91,-93,-99,-123,-112,-107,-106,-398,-213,-214,-181,-189,-176]} 1. d4 Nf6 2. c4 e6 3. Nf3 d5 4. Nc3 Bb4 5. Bg5 h6 6. Bxf6 Qxf6 7. Qa4+ Nc6 8. e3 O-O 9. Rc1 Rd8 10. cxd5 exd5 11. Be2 {D38: Queen's Gambit Declined: Ragozin Defence (4 Nf3 Bb4)} (11. a3 Bf8 12. Be2 Ne7 13. O-O c6 14. b4 Ng6 15. b5 Bd7 16. bxc6 bxc6 17. Qa5 Re8 18. Rfe1 Bd6 {0-1 (45) Le,Q (2737)-Yu,Y (2751) Huaian 2017}) 11... a6 12. O-O Bf8 13. Qb3 {The position is equal.} Na5 14. Qd1 $146 ({Predecessor:} 14. Qc2 b6 15. Ne5 Bb7 16. Bd3 c5 17. Bh7+ Kh8 18. Bf5 Nc6 {1-0 (46) Biyiasas,P (2450)-Commons,K (2485) Lone Pine 1978}) 14... Nc6 {[%cal Ba5c6,Bc6e7,Be7g6][%mdl 32]} 15. a3 Ne7 16. Na4 {[%cal Bc3a4,Ba4c5,Bc5d3,Bd3e5][%mdl 32]} c6 17. b4 Ng6 18. Nc5 Bd6 19. a4 b6 20. Nd3 a5 21. bxa5 (21. b5 $11 {keeps the balance.}) 21... Rxa5 $17 22. Qb3 c5 $36 {[%mdl 2048] [#] Hoping for ...c4. Black is on the roll.} 23. Nde5 c4 24. Qxb6 Rxa4 25. Qb5 Ra2 26. Rfe1 Be6 {...Rb8 is the strong threat.} 27. Nxg6 Qxg6 28. e4 $2 {[%mdl 8192]} (28. Qb6 $17 {was called for.} Raa8 29. Ne5) 28... dxe4 (28... Rb8 $142 29. Qc6 Bh3) 29. Ne5 $19 Bxe5 30. Qxe5 {[#]} Bd5 $1 {Accuracy: White = 52%, Black = 83%.} 1/2-1/2

[Event "CHN-ch Open 2019"]
[Site "Xinghua"]
[Date "2019.05.18"]
[Round "7.5"]
[White "Xu, Jun"]
[Black "Xu, Yi"]
[Result "1/2-1/2"]
[WhiteElo "2487"]
[BlackElo "2546"]
[Annotator "TA"]
[PlyCount "69"]
[EventDate "2019.05.11"]
[EventType "tourn"]
[EventCountry "CHN"]
[SourceTitle "playchess.com"]
[Source "ChessBase"]
[SourceQuality "1"]

{[%evp 14,69,50,39,43,42,40,33,49,38,44,35,41,37,30,10,16,6,21,13,23,26,15,11,18,18,12,3,20,20,20,20,23,23,23,20,20,16,20,12,25,0,16,16,16,16,16,17,22,15,22,25,43,40,37,0,42,0]} 1. d4 d6 2. e4 Nf6 3. Nc3 g6 4. f4 Bg7 5. Nf3 O-O 6. Bd3 Nbd7 7. e5 Ne8 8. Qe2 c5 {B09: Pirc Defence: Austrian Attack} 9. Be3 cxd4 10. Bxd4 dxe5 11. fxe5 Nc7 12. Bc4 (12. O-O-O Ne6 13. Bc4 Nxd4 14. Rxd4 Qa5 15. Nd5 Kh8 16. h4 {1-0 (42) Schebler,G (2415)-Miciano,J (2224) Johor 2017}) 12... Nb6 {[%cal Bd7b6,Bb6d5,Bd5f4][%mdl 32]} 13. Bb3 Be6 $146 ({Predecessor:} 13... Bg4 14. Qe4 Bxf3 15. gxf3 Ne6 {½-½ (46) Kuijpers,F-Rocha,A Malaga 1965}) 14. Rd1 {[#] And now Bxb6 would win.} Qc8 15. O-O Nbd5 16. Ne4 Nf4 17. Qf2 Bxb3 18. axb3 Qg4 {Threatens to win with ...Nh3+.} 19. Ng3 h5 20. Be3 Nce6 21. h3 Qxg3 $1 {[%mdl 64] [#] Remove Defender, Decoy} 22. Qxg3 Ne2+ {[%mdl 64] Double Attack} 23. Kh2 Nxg3 24. Kxg3 Rfc8 25. c3 Kf8 26. Rd7 Rc7 27. Rfd1 (27. Rd5 {seems wilder.} b6 28. b4 Ke8 29. Ra1 Rd8 30. Rxd8+ Kxd8 31. Kf2) 27... Rxd7 28. Rxd7 b6 29. b4 Ke8 30. Rd1 Rc8 31. Kf2 Rc7 32. Ke2 Rc8 33. Ra1 Rc7 34. Rd1 Rc8 35. Ra1 {Accuracy: White = 66%, Black = 65%.} 1/2-1/2

[Event "CHN-ch Open 2019"]
[Site "Xinghua"]
[Date "2019.05.18"]
[Round "7.6"]
[White "Peng, Xiongjian"]
[Black "Xu, Xiangyu"]
[Result "1/2-1/2"]
[WhiteElo "2451"]
[BlackElo "2583"]
[Annotator "TA"]
[PlyCount "60"]
[EventDate "2019.05.11"]
[EventType "tourn"]
[EventCountry "CHN"]
[SourceTitle "playchess.com"]
[Source "ChessBase"]
[SourceQuality "1"]

{[%evp 12,60,17,16,5,13,13,10,10,13,4,13,13,10,10,10,10,10,10,5,20,8,23,14,30,-22,0,0,10,10,6,5,5,6,6,4,4,4,4,11,9,4,8,0,0,0,0,0,3,0,0]} 1. e4 e5 2. Nf3 Nf6 3. d4 Nxe4 4. Bd3 Nc6 5. Nxe5 Nxe5 6. Bxe4 d5 7. dxe5 dxe4 {C43: Petroff Defence: 3 d4} 8. Qxd8+ Kxd8 9. Nc3 Bb4 10. Bg5+ Ke8 11. O-O-O {[%csl Gg5][%cal Rd1d8] [#]} Bg4 {White must now prevent ...Bxc3.} 12. Rd4 Bxc3 $1 13. bxc3 h6 14. Be3 Bf5 15. Rhd1 Ke7 16. h3 {[#]} h5 $146 ({Predecessor:} 16... Rhd8 17. g4 Rxd4 18. Rxd4 Be6 19. a3 h5 20. Rxe4 hxg4 21. hxg4 Kd7 22. Rd4+ {½-½ (22) Sutovsky,E (2597)-Lalic,B (2548) Hastings 2000}) 17. Bg5+ f6 18. g4 ({White should play} 18. Bh4) 18... hxg4 {The position is equal.} (18... c5 {is more complex.} 19. exf6+ gxf6 20. Ra4 fxg5 21. gxf5 Rhe8) 19. hxg4 Be6 20. exf6+ gxf6 21. Bf4 Bxg4 22. Rxe4+ Kf7 23. Rde1 Rhe8 24. Bxc7 Bf5 25. R4e3 Rxe3 26. Rxe3 Re8 27. a4 Rxe3 28. fxe3 Bd7 29. a5 a6 30. Kb2 Ke6 {Accuracy: White = 77%, Black = 83%.} 1/2-1/2

[Event "CHN-ch Open 2019"]
[Site "Xinghua"]
[Date "2019.05.19"]
[Round "8.1"]
[White "Zhao, Jun"]
[Black "Xu, Xiangyu"]
[Result "1-0"]
[WhiteElo "2621"]
[BlackElo "2583"]
[Annotator "TA"]
[PlyCount "64"]
[EventDate "2019.05.11"]
[EventType "tourn"]
[EventCountry "CHN"]
[SourceTitle "playchess.com"]
[Source "ChessBase"]
[SourceQuality "1"]

{[%evp 11,64,8,14,0,25,22,20,18,25,4,29,20,29,29,51,51,41,51,59,29,27,27,27,27,27,29,28,14,14,15,34,33,45,47,109,103,125,120,116,115,113,86,168,171,229,225,220,223,340,339,432,427,401,389,29992]} 1. c4 g6 2. Nc3 c5 3. Nf3 Bg7 4. g3 Nc6 5. Bg2 d6 6. O-O e5 7. b3 {A37: Symmetrical English vs ...g6: 4 Bg2 Bg7 5 Nf3} h5 $146 ({Predecessor:} 7... Nge7 8. Bb2 O-O 9. e3 f5 10. a3 a5 11. Qc2 h6 12. Nd5 Nxd5 13. cxd5 Ne7 14. d3 b5 15. Nxe5 dxe5 {1-0 (37) Dubov,D (2614)-Karjakin,S (2777) Moscow 2014}) 8. Bb2 Nh6 9. e3 {The position is equal.} O-O 10. Nd5 Be6 11. h4 Ng4 12. Ng5 Bd7 13. a3 Rc8 14. b4 b6 15. Bc3 Ne7 16. bxc5 dxc5 17. a4 f6 18. Nxe7+ Qxe7 19. Bd5+ Kh8 20. Ne4 Rcd8 21. f3 Nh6 $1 22. Qb3 $36 {[%mdl 2048] White is more active.} Nf7 ({Black should try} 22... Rb8 $14) 23. a5 $16 f5 24. axb6 axb6 25. Bxf7 {Threatens to win with Ng5.} fxe4 {[#]} 26. Bd5 $1 ({Don't play} 26. Bxg6 $6 exf3 27. Bxh5 e4 $11) 26... exf3 (26... Bh3 $16) 27. Qxb6 $18 Kh7 (27... e4 {keeps fighting.}) 28. Rxf3 Rxf3 29. Bxf3 {Hoping for Ra7.} e4 {[#]} (29... Bf5 $142 30. Ra7 Rd7 31. Rxd7 Bxd7) 30. Bxg7 $1 ({Don't blunder} 30. Bxe4 $2 Qxe4 31. Qc7 Bxc3 $19) 30... exf3 31. Bf6 {[%mdl 64] Skewer} f2+ 32. Kh2 Ra8 $2 {Accuracy: White = 79%, Black = 33%.} (32... Rb8 $18 33. Qxb8 (33. Bxe7 Rxb6 34. Rf1 Rb4 $16) 33... Qxf6) 1-0